Slovenský profit hospodársky a podnikateľský týždenník

Na minha lista:
Detalhes bibliográficos
Formato: Periódico
Idioma:eslovaco
Publicado em: Bratislava EUROSKOP
Assuntos:
Tags: Adicionar Tag
Sem tags, seja o primeiro a adicionar uma tag!

MARC

LEADER 00000nas1a22000001 4500
001 s120021
005 20251104124853.0
041 0 |a slo 
044 |a SK 
245 1 0 |a Slovenský profit  |b hospodársky a podnikateľský týždenník 
264 1 |a Bratislava  |b EUROSKOP 
610 2 0 |a podnikanie